000 00231nam a2200109Ia 4500
005 20251222144758.0
008 251222s9999||||xx |||||||||||||| ||spa||
082 _a600/I59/1997
245 0 _aPerĂº:
264 _bINEI
942 _cLIB
999 _c19623
_d19623